Torschützenkönige Bundesliga (Top 3) - Statistiken

Allgemein
  • Dieses Quiz wurde 78 mal gespielt
    6 seit der letzten Aktualisierung
  • Das Durchschnittsergebnis liegt bei 90 aus 189
Antwortstatistiken
Jahr Platz % Korrekt
1965 Christian Müller
100%
1975 | 1977 | 1978 | 1980 Dieter Müller
100%
1967 | 1968 | 1969 | +9 others Gerd Müller
100%
2024 | 2025 Harry Kane
100%
2012 | 2013 | 2014 | +8 others Robert Lewandowski
100%
2016 Thomas Müller
100%
2009 | 2010 Edin Dzeko
83%
2009 Grafite
83%
2008 | 2009 | 2011 | 2012 Mario Gomez
83%
2003 | 2004 Ailton
67%
2013 | 2015 Alexander Meier
67%
2015 Arjen Robben
67%
2001 Ebbe Sand
67%
2021 | 2022 Erling Haaland
67%
2000 | 2002 | 2003 Giovane Elber
67%
2008 Kevin Kuranyi
67%
1972 | 1974 | 1976 | 1979 Klaus Fischer
67%
2008 Luca Toni
67%
2005 Marek Mintal
67%
2014 Mario Mandzukic
67%
2007 Alexander Frei
50%
1994 | 1995 | 1997 Anton Polster
50%
1982 Dieter Hoeneß
50%
2005 | 2006 Dimitar Berbatov
50%
1996 | 1997 Fredi Bobic
50%
1980 | 1981 | 1984 Karl-Heinz Rummenigge
50%
2012 Klaas Jan Huntelaar
50%
2010 Lucas Barrios
50%
1999 Michael Preetz
50%
2006 Miroslav Klose
50%
2023 Niclas Füllkrug
50%
2018 Nils Petersen
50%
2022 | 2025 Patrik Schick
50%
2016 | 2017 Pierre-Emerick Aubameyang
50%
2004 | 2005 | 2007 Roy Makaay
50%
1983 | 1985 | 1987 Rudolf "Rudi" Völler
50%
2024 | 2025 Serhou Guirassy
50%
2010 | 2013 Stefan Kießling
50%
2007 Theofanis Gekas
50%
1993 | 1997 | 1998 | +2 others Ulf Kirsten
50%
1964 | 1969 Uwe Seeler
50%
2017 Anthony Modeste
33%
1993 | 1994 Antony Yeboah
33%
1980 | 1982 Horst Hrubesch
33%
1968 | 1970 Johannes Löhr
33%
1990 Jörn Andersen
33%
1973 | 1974 | 1975 Josef "Jupp" Heynckes
33%
1988 | 1996 Jürgen Klinsmann
33%
1988 Karl-Heinz Riedle
33%
1979 | 1981 | 1984 | 1985 Klaus Allofs
33%
1978 Klaus Toppmöller
33%
1988 Lothar Matthäus
33%
1981 | 1982 Manfred Burgsmüller
33%
2002 Marcio Amoroso
33%
1995 Mario Basler
33%
2000 | 2002 | 2004 Max Martin
33%
1998 Olaf Marschall
33%
1999 Oliver Neuville
33%
1989 | 1990 | 1991 | 1992 Roland Wohlfahrt
33%
1986 | 1990 | 1994 Stefan Kuntz
33%
1985 | 1989 Thomas Allofs
33%
2003 Thomas Christiansen
33%
1987 Uwe Rahn
33%
1991 Andreas Möller
17%
2021 Andre Silva
17%
1966 Arnold Schütz
17%
1983 Atli Edvaldsson
17%
1977 Bernd Hölzenbein
17%
2023 Christopher Nkunku
17%
1976 Erich "Ete" Beer
17%
1984 Frank Mill
17%
1986 Frank Neubarth
17%
1968 Franz Brungs
17%
1987 | 1992 Fritz Walter
17%
1973 Günter Pröpper
17%
2006 Halil Altintop
17%
1972 Hans Walitza
17%
1995 Heiko Herrlich
17%
1967 Herbert Laumen
17%
2020 Jadon Sancho
17%
1991 Jan Furtok
17%
2014 Josip Drmic
17%
1969 Josip Skoblar
17%
1983 | 1986 Karl Allgöwer
17%
1971 Karl-Heinz Vogt
17%
1966 | 1967 Lothar Emmerich
17%
1971 Lothar Kobluhn
17%
2019 Luka Jovic
17%
2018 Mark Uth
17%
2011 Milivoje Novakovic
17%
2019 Paco Alcacer
17%
2011 Papiss Demba Cisse
17%
1979 Rüdiger Abramczik
17%
1964 | 1965 Rudolf Brunnenmeier
17%
2001 Sergej Barbarez
17%
1964 | 1965 | 1966 Timo Konietzka
17%
2020 Timo Werner
17%
1989 Uwe Bein
17%
1993 Wynton Rufer
17%
2001 Claudio Pizarro
0%
2026 Deniz Undav
0%
2026 Harry Kane
0%
2024 Lois Openda
0%
1996 Sean Dundee
0%
2026 Serhou Guirassy
0%
1992 | 1998 Stephane Chapuisat
0%
2023 Vincenzo Grifo
0%
1970 Werner Weist
0%
Keine übereinstimmenden Quizze gefunden
Verteilung der Resultate
Anzahl Personen mit jedem Resultat
Perzentil nach korrekt beantworteten Fragen
Ihre Resultats-Entwicklung
Sie haben dieses Quiz seit der letzten Aktualisierung nicht gespielt